000 01063namaa2200313 a 4500
001 vtls001299951
003 NLI
005 20210627043225.0
008 120418s1974 dcua i000 0 eng
039 9 _y201204181907
_zVLOAD
040 0 _aNLI
_cVTLS-2012_FOD
_eAACR2
041 0 _aeng
044 _adcua
082 0 4 _a363.7284
110 1 _aUnited States.
_bNational Environmental Research Laboratory
_9713502
245 1 0 _aLand application of sewage effluents and sludges: selected abstract
_f1974
260 _aWashington, D.C. :
_bUnited States Environmental Protection Agency,
_c1974
300 _axxiv, 248 p. :
_bill. ;
_c29 cm.
440 0 _aEnvironmental protection technology series
500 _aEPA-600/2-74-042
504 _aIncludes bibliographical references
650 0 _aSewage effluents
_9713503
650 0 _aPollution
710 1 _aUnited States.
_bEnvironmental Protection Agency.
_bOffice of Research and Monitoring
887 _a
901 _aAD 53025
_b24.03.1975
902 _aU.S 363.7284 Un 3 la
942 _2ddc
_cBKS
999 _c588317
_d588317